000 01122nam0a22002891 4500
001 RU\NLR\19V\927530
005 20100627132008.4
035 _a(NLR Aleph) 010349984
090 _a10741885
_c10741885
100 _a20100627d1908 |||y0rusy50 ca
101 0 _arus
102 _aRU
105 _aa z |||||
200 1 _aБабусины сказки
_fА.А. Федоров-Давыдов
_gС рис. А.П. Апсита, А.Н. Комарова и др.
205 _a2-е изд.
210 _aМосква
_cЖурн. "Светлячок"
_d1908
215 _a232 с.
_cил.
_d22
700 1 _6z01790
_aФедоров-Давыдов
_bА. А.
_f1873-1936
_gАлександр Александрович
_3RU\NLR\AUTH\7712744
_7ca
702 1 _aАпсит
_bА. П.
_cхудожник
_f1880-1944
_gАлександр Петрович
_3RU\NLR\AUTH\7776659
_4440
_7ca
702 1 _aКомаров
_bА. Н.
_cхудожник
_f19 в.-
_4440
801 0 _aRU
_bNLR
_c20100627
_gpsbo
801 1 _aRU
_bNLR
_c20100627
_2rusmarc
899 _aRuMoRGB
_jP 70/221
899 _aRuMoRGB
_jP 70/221
942 _cBOOK
980 _aNB